000 00602nam a2200229Ia 4500
003 OSt
005 20221006164505.0
006 a|||||r|||| 00| 0
007 ta
008 221006b |||||||| |||| 00| 0 hin d
024 _a3,367
037 _cTextual
040 _aFML
_cFML
_bhin
041 _2hin
_ahin
082 _aNR: (A), Q3
100 _aVinces M Au.
_9677613
245 0 _aScience of Music and Music of Science
260 _aDelhi
_bGlobal Vision Pub. House
_c2013
300 _a397
_ccm.
942 _hNR: (A), Q3
_cTEXL
_2CC
999 _c1117442
_d1117442